000 00823nam a22002177a 4500
003 UA-OsUOA
001 68752
007 ta
008 20100517b un ||||| |||| 00| 0 ukr d
100 _aСкуба В.
090 _a908
_bС46
942 _cSA
040 _aUA-OsUOA
_bukr
_cUA-OsUOA
_dUA-OsUOA
245 _a"Щоб справді вважати себе українцем, потрібно мати за спиною фортецю, а така фортеця складається з роду". В Острозбкій академії відбувся прем'єрний показ фільму В. Вітра "Богдан Хмельницький"
300 _aС.19
955 _a0
041 _aukr
080 _a908
773 0 _w68750
650 7 _a908 Краєзнавство
_2UDC
999 _c355001
_d355001